10 questions sur... Kylian Mbappé - Statistiques

Statistiques générales
  • Ce quiz a été pris 1 106 fois
  • Le résultat moyen est 7 sur 10
Statistiques - réponses
Réponse % Correct
AS Monaco
98%
4
95%
Ethan
93%
2018
91%
Cameroun
84%
Paris
83%
Edinson Cavani
82%
Pays-Bas
45%
Manchester City
43%
Kazakhstan
34%
Aucun quiz correspondant
Distribution des résultats
% des personnes avec chaque résultat
Percentile par nombre de réponses
Votre historique - résultats
Vous n’avez pas pris ce quiz